| 000 | 00367nam a2200133Ia 4500 | ||
|---|---|---|---|
| 008 | 210430s9999 xx 000 0 und d | ||
| 020 | _a0-19-509689-4 | ||
| 082 | _a660.2844 D693 0 | ||
| 100 |
_aL.K.Doraiswamy _952802 |
||
| 245 |
_aOrganic Synthesis Engineering _cL.K.Doraiswamy |
||
| 260 |
_aNew york _bOxford University _c2001 |
||
| 300 | _a918p | ||
| 942 |
_cBK _2ddc |
||
| 999 |
_c562260 _d562260 |
||